English learning skills
Salvato in:
| Natura: | Libro |
|---|---|
| Lingua: | inglese |
| Pubblicazione: |
Press Wisdom,
2016.
|
| Tags: |
Aggiungi Tag
Nessun Tag, puoi essere il primo ad aggiungerne!!
|
MARC
| LEADER | 00000nam a22000007a 4500 | ||
|---|---|---|---|
| 008 | 210511b ||||| |||| 00| 0 eng d | ||
| 020 | |a ISBN: 978-93-83318-82-7 | ||
| 245 | |a English learning skills |g 245p. | ||
| 250 | |c RICHA, Dewani. | ||
| 260 | |b Press Wisdom, |c 2016. |h New Delhi |i 691257 |m English language – Rhetoric. |m English language – Grammar. |l PE1408.En3 | ||
| 500 | |a “It includes index”. | ||
| 942 | |a lcc |c BK |e j o ifatola |f 11/ 05/ 2021 | ||
| 952 | |0 0 |1 0 |2 lcc |4 0 |7 0 |9 2421 |a ED |b HOL |c LP |d 2021-05-11 |o PE1408.En3 |p 2021-6272 |t 691257 |y BK | ||
| 999 | |c 1259 |d 1259 | ||